[Event "Amager CC-ch"]
[Site "Amager"]
[Date "2006.03.14"]
[Round "6"]
[White "Lunding, Peter M"]
[Black "Pedersen, Kenneth Ankjaer"]
[Result "0-1"]
[WhiteElo "1927"]
[BlackElo "1669"]
[PlyCount "56"]
[EventDate "2006.01.10"]
[EventType "swiss"]
[EventRounds "9"]
[EventCountry "DEN"]
[SourceTitle "EXT 2023"]
[Source "ChessBase"]
[SourceDate "2022.10.05"]
[SourceVersion "1"]
[SourceVersionDate "2022.10.05"]
[SourceQuality "1"]

1. d4 Nf6 2. c4 e5 3. dxe5 Ng4 4. Nf3 Bc5 5. e3 Nc6 6. a3 a5 7. b3 0-0 8. Be2 Ngxe5 9. 0-0 Nxf3+ 10. Bxf3 Ne5 11. Be2 Ra6 12. Bb2 Re8 13. Qd5 Qe7 14. Nc3 Rh6 15. g3 c6 16. Qg2 d6 17. Rfe1 Ng4 18. Bxg4 Bxg4 19. Na4 Ba7 20. b4 Qe6 21. Rac1 Qf5 22. e4 Qh5 23. e5 dxe5 24. Rc3 Rf6 25. c5 Bf3 26. Qf1 Rh6 27. h4 Qg4 28. Qd3 Bd5 0-1

[Event "Amager CC-ch"]
[Site "Amager"]
[Date "2006.03.02"]
[Round "4"]
[White "Pedersen, Kenneth Ankjaer"]
[Black "Henriksen, Carsten W"]
[Result "1-0"]
[WhiteElo "1669"]
[BlackElo "1640"]
[PlyCount "89"]
[EventDate "2006.01.10"]
[EventType "swiss"]
[EventRounds "9"]
[EventCountry "DEN"]
[SourceTitle "EXT 2023"]
[Source "ChessBase"]
[SourceDate "2022.10.05"]
[SourceVersion "1"]
[SourceVersionDate "2022.10.05"]
[SourceQuality "1"]

1. e4 c5 2. Nf3 d6 3. g3 Nf6 4. d3 Nc6 5. Bg2 e6 6. 0-0 Be7 7. c3 Qc7 8. Re1 0-0 9. Nbd2 Nd7 10. Nf1 d5 11. exd5 exd5 12. Ne3 Nf6 13. Qb3 Rd8 14. d4 c4 15. Qc2 Bf8 16. Bd2 g6 17. Ne5 Bg7 18. f4 Ne7 19. b3 b5 20. bxc4 bxc4 21. N5xc4 Nf5 22. Ne5 Nxe3 23. Rxe3 Bf5 24. Qa4 Ne4 25. Be1 f6 26. Bxe4 dxe4 27. Qc4+ Qxc4 28. Nxc4 Be6 29. Nd2 f5 30. Nb3 Bxb3 31. axb3 Rxd4 32. Kf2 Rd7 33. Ra6 Rc8 34. b4 Rcc7 35. Ke2 Kf7 36. Ra4 Ke6 37. b5 Rc5 38. c4 Rdc7 39. Ra6+ Kf7 40. Ba5 Rd7 41. Rc6 Rxc6 42. bxc6 Rd6 43. c7 Rc6 44. Rb3 Ke8 45. Rb8+ 1-0

[Event "Amager CC-ch"]
[Site "Amager"]
[Date "2006.01.10"]
[Round "1"]
[White "Gade, Jens"]
[Black "Pedersen, Kenneth Ankjaer"]
[Result "0-1"]
[WhiteElo "1462"]
[BlackElo "1669"]
[PlyCount "72"]
[EventDate "2006.01.10"]
[EventType "swiss"]
[EventRounds "9"]
[EventCountry "DEN"]
[SourceTitle "EXT 2023"]
[Source "ChessBase"]
[SourceDate "2022.10.05"]
[SourceVersion "1"]
[SourceVersionDate "2022.10.05"]
[SourceQuality "1"]

1. d4 Nf6 2. c4 Nc6 3. e3 e5 4. dxe5 Nxe5 5. Nf3 Bb4+ 6. Nbd2 d6 7. a3 Bxd2+ 8. Bxd2 Bg4 9. Qa4+ Bd7 10. Qd1 Bc6 11. Nd4 Be4 12. Qb3 0-0 13. f3 Bg6 14. e4 Re8 15. Bg5 h6 16. Bh4 Ned7 17. Bd3 Nc5 18. Qc2 Nxd3+ 19. Qxd3 c5 20. Ne2 Qa5+ 21. Kf2 Nxe4+ 22. fxe4 Rxe4 23. Qxd6 Rxh4 24. b4 cxb4 25. c5 Rd8 26. Qg3 Qxc5+ 27. Qe3 Qxe3+ 28. Kxe3 Rd3+ 29. Kf2 Rxa3 30. Rac1 Ra2 31. Kg3 Re4 32. Rc8+ Kh7 33. Nc1 Ra3+ 34. Kf2 Rf4+ 35. Ke2 Bh5+ 36. Ke1 b3 0-1